Statistiques concernant Pays ayant pour nom 'Royaume'

Cliquez ici pour prendre le quiz!

Statistiques générales

  • Ce quiz a été pris 161 fois
    (63 depuis la dernière actualisation)
  • Le résultat moyen est 10 sur 17

Statistiques - réponses

ComplémentRoyaume% Correct
de Grande-Bretagne et d'Irlande du NordRoyaume-Uni
93%
Suède
86%
Espagne
82%
Belgique
80%
Norvège
80%
Pays-Bas
79%
Danemark
70%
Arabie Saoudite
64%
Maroc
64%
hachémiteJordanie
59%
Thaïlande
54%
Bahreïn
41%
Bhoutan
39%
Cambodge
36%
Eswatini
36%
Lesotho
32%
Tonga
25%

Distribution des résultats

Percentile par nombre de réponses

% des personnes avec chaque résultat

Votre développement - résultats

Vous n’avez pas pris ce quiz depuis la dernière actualisation